| 000 | 00454cam a2200169ua 4500 | ||
|---|---|---|---|
| 041 |
_aeng _h |
||
| 082 |
_a338.9 _bWIL/EC |
||
| 100 | _aWilliam son , Harold F . | ||
| 245 |
_aEconomic development : Principles and paltrns / _cA John Buttrick. _hTextual Documents |
||
| 250 |
_a1 / _b. |
||
| 260 |
_aNew Delhi : _bPrentice Hall Inc , _c1964. |
||
| 300 | _a576 ; . | ||
| 504 | _a | ||
| 700 | 1 | _aButtrick, John A . | |
| 942 | _cBK | ||
| 999 |
_c3317 _d3317 |
||